| 000 | 00490nam a2200169 4500 | ||
|---|---|---|---|
| 001 | 110937 | ||
| 003 | ES-MaACL | ||
| 005 | 20230906185216.0 | ||
| 007 | t| | ||
| 008 | 061121s1972 sp r ||||1| spa d | ||
| 100 | 1 |
_aO'Flaherty, Liam. _986326 |
|
| 245 | 1 | 0 |
_aInsurrección / _cLiam O'Flaherty; traducción de Lucrecia Moreno de Saenz. |
| 260 |
_aMadrid : _bAlianza, _c1972. |
||
| 300 |
_a241 p. ; _c18 cm. |
||
| 700 | 1 |
_aMoreno, Lucrecia. _983300 |
|
| 852 |
_aES-MaACL _jC-52643 _bR.82594 |
||
| 999 |
_c110937 _d110937 |
||